Lataa...
apakolaneekarana vayanayile islamum muslimngalum
| Päätekijä: | |
|---|---|
| Aineistotyyppi: | Printed Book |
| Kieli: | Malayalam |
| Julkaistu: |
IPH
|
| LEADER | 00436nam a22001337a 4500 | ||
|---|---|---|---|
| 008 | 190211b ||||| |||| 00| 0 mal d | ||
| 999 | |c 309191 |d 309191 | ||
| 020 | |a 8182718333 | ||
| 082 | |a 210.01 | ||
| 100 | |a Sa'ad salmi | ||
| 245 | |a apakolaneekarana vayanayile islamum muslimngalum | ||
| 260 | |a IPH | ||
| 942 | |c BK | ||
| 952 | |0 0 |1 0 |2 ddc |4 0 |6 210_010000000000000 |7 0 |9 354942 |a ARA |b ARA |c ST1 |d 2019-02-11 |i 11025 |l 0 |o 210.01 |p ara11025 |r 2019-02-11 |w 2019-02-11 |y BK | ||